Hogyan születnek a kontinensek
Elmentve itt :
| Dokumentumtípus: | Cikk |
|---|---|
| Megjelent: |
1972-04-09
|
| Sorozat: | Délmagyarország
62 No. 83 |
| Kulcsszavak: | Előadás - ismeretterjesztő |
| Online Access: | http://dmarchiv.bibl.u-szeged.hu/88308 |
| LEADER | 00416nab a2200145 i 4500 | ||
|---|---|---|---|
| 001 | delm88308 | ||
| 005 | 20190320135621.0 | ||
| 008 | 190320s1972 hu o 0|| hun d | ||
| 040 | |a SZTE Délmagyarország Archívum |b hun | ||
| 041 | |a hun | ||
| 245 | 0 | 0 | |a Hogyan születnek a kontinensek |h [elektronikus dokumentum] |
| 260 | |c 1972-04-09 | ||
| 300 | |a 12 | ||
| 490 | 0 | |a Délmagyarország |v 62 No. 83 | |
| 695 | |a Előadás - ismeretterjesztő | ||